|
|
|
|
| LEADER |
00000nam0a2200000 4500 |
| 001 |
183961 |
| 005 |
20231101223815.0 |
| 010 |
|
|
|a 9785922112116
|
| 035 |
|
|
|a (RuTPU)RU\TPU\book\199435
|
| 090 |
|
|
|a 183961
|
| 100 |
|
|
|a 20100825d2010 km y0rusy50 ca
|
| 101 |
0 |
|
|a rus
|
| 102 |
|
|
|a RU
|
| 105 |
|
|
|a a z 001zy
|
| 200 |
1 |
|
|a Плазменные, высокочастотные, микроволновые и лазерные технологии в химико-металлургических процессах
|f Ю. Н. Туманов
|
| 210 |
|
|
|a Москва
|c Физматлит
|d 2010
|
| 215 |
|
|
|a 968 с.
|c ил.
|
| 320 |
|
|
|a Библиография в конце глав.
|
| 330 |
|
|
|a В книге рассмотрены применения технологической плазмы, радиочастотных и микроволновых полей, а также лазеров в химико-металлургических производствах, в частности, в ядерном топливном цикле (ЯТЦ). Рассмотрены комбинации электротехнологий с процессами экстракционного, сорбционного и ректификационного аффинажа. Проанализирован уровень энергооснащенности плазменных и частотных технологий для химико-технологических и металлургических приложений: электродуговых, высокочастотных и микроволновых плазмотронов, источников электропитания, вспомогательной техники. Рассмотрены комбинированные генераторы технологической плазмы. Предложены химико-металлургические электротехнологии нового поколения, в которых, в принципе, не создаются отходы и отвалы. Одной из них является плазменно-электромагнитная технология восстановления урана из гексафторида урана, отвального по изотопу U-235. Рассмотрены комбинации фторидной технологии ЯТЦ, газопламенной, плазменной, сопловой и лазерной технологий, сформулированы новые направления развития нанотехнологии и микрометаллургии применительно к получению дисперсных и объемных металлических и керамических наноматериалов, а также готовых микро- и макроизделий. Приведены основные составляющие технико-экономической эффективности новых электротехнологий, проанализировано их влияние на биосферу, в частности, в процессах ЯТЦ; предложены новые схемы ЯТЦ с более высоким уровнем социальной адаптации. Книга адресована научным сотрудникам и инженерам, работающим в области нанотехнологии, плазменных технологий химико-металлургического профиля применительно к ЯТЦ и к смежным областям техники, а также профессорско-преподавательскому составу, аспирантам и студентам старших курсов, специализирующимся в области экологии, ядерного топливного цикла, нанотехнологии, порошковой металлургии и плазменных процессов в производстве редких и редкоземельных металлов.
|
| 606 |
1 |
|
|a Плазмохимия
|x Химическая технология
|2 stltpush
|3 (RuTPU)RU\TPU\subj\30984
|9 53975
|
| 606 |
1 |
|
|a Плазменная металлургия
|2 stltpush
|3 (RuTPU)RU\TPU\subj\48950
|9 67765
|
| 610 |
1 |
|
|a ядерная энергетика
|
| 610 |
1 |
|
|a энергетический базис
|
| 610 |
1 |
|
|a частотные технологии
|
| 610 |
1 |
|
|a плазменные технологии
|
| 610 |
1 |
|
|a оксиды металлов
|
| 610 |
1 |
|
|a нитратные растворы
|
| 610 |
1 |
|
|a оксидное сырье
|
| 610 |
1 |
|
|a уран
|
| 610 |
1 |
|
|a плазменная карботермия
|
| 610 |
1 |
|
|a карбидные материалы
|
| 610 |
1 |
|
|a боридные материалы
|
| 610 |
1 |
|
|a высокочастотные индукционные технологии
|
| 610 |
1 |
|
|a фторсодержащие минералы
|
| 610 |
1 |
|
|a фтор
|
| 610 |
1 |
|
|a изотопы урана
|
| 610 |
1 |
|
|a разделение
|
| 610 |
1 |
|
|a уранфторная плазма
|
| 610 |
1 |
|
|a безотходные технологии
|
| 610 |
1 |
|
|a энергетические реакторы
|
| 610 |
1 |
|
|a гексафторид урана
|
| 610 |
1 |
|
|a оксидное ядерное топливо
|
| 610 |
1 |
|
|a плазмохимические процессы
|
| 610 |
1 |
|
|a газовые продукты
|
| 610 |
1 |
|
|a дисперсные продукты
|
| 610 |
1 |
|
|a редкие металлы
|
| 610 |
1 |
|
|a редкоземельные металлы
|
| 610 |
1 |
|
|a микроволновая техника
|
| 610 |
1 |
|
|a радиоактивные отходы
|
| 610 |
1 |
|
|a переработка
|
| 610 |
1 |
|
|a ядерный топливный цикл
|
| 610 |
1 |
|
|a дисперсные наноматериалы
|
| 610 |
1 |
|
|a электротехнология
|
| 610 |
1 |
|
|a модернизация
|
| 610 |
1 |
|
|a нанотехнологии
|
| 610 |
1 |
|
|a экология
|
| 610 |
1 |
|
|a порошковая металлургия
|
| 675 |
|
|
|a 66.011:533.9
|v 3
|
| 675 |
|
|
|a 669.05
|v 3
|
| 700 |
|
1 |
|a Туманов
|b Ю. Н.
|g Юрий Николаевич
|
| 801 |
|
1 |
|a RU
|b 63413507
|c 20100825
|
| 801 |
|
2 |
|a RU
|b 63413507
|c 20150821
|g RCR
|
| 942 |
|
|
|c BK
|
| 959 |
|
|
|a 52/20100825
|d 5
|e 825,00
|f АНЛ:1
|f ЧЗТЛ:1
|f УФ:3
|